000 00447nam a2200181Ia 4500
008 221030s9999 xx 000 0 und d
020 _a8170089926
041 _aEnglish
082 _a105.23
100 _aN. P. Bali
245 2 _aA Text Book of Engineering Mathematics
_cby N. P. Bali, M. Goyal
250 _a7th
260 _bLaxmi Pub.
_aNew Delhi
_c2009
300 _a1530
650 _aBE Mathematics
700 _aM. Goyal
942 _cBK
999 _c8838
_d8838